000 00204nam a2200097Ia 4500
008 240331s9999 xx 000 0 und d
082 _bBAU
100 _aBauman, Z
245 0 _aCulture as Praxis
942 _cL
999 _c2075
_d2075